La escritura : ideología y representación /
Guardado en:
| Autor principal: | |
|---|---|
| Formato: | Libro |
| Idioma: | Español |
| Publicado: |
Buenos Aires, Argentina :
Ampersand,
2013, c2013
|
| Colección: | (Scripta Manent)
|
| Temas: | |
| Etiquetas: |
Sin etiquetas, Sé el primero en etiquetar este registro!
|
MARC
| LEADER | 00000nam^a2200000^a^4500 | ||
|---|---|---|---|
| 001 | 000364420 | ||
| 005 | 20250521000000.0 | ||
| 009 | 20260310115614.629 | ||
| 020 | |a 978-987-45098-0-2 | ||
| 037 | |a Acervo ITESO - Biblioteca | ||
| 041 | |a ESP | ||
| 082 | |a 302. 22132 |b PET | ||
| 100 | |a Petrucci, Armando |e (autor) | ||
| 245 | 1 | 3 | |a La escritura : |b ideología y representación / |c A. Petrucci ; tr. por María Beatriz Raffo. |
| 264 | 4 | |a Buenos Aires, Argentina : |b Ampersand, |c 2013, c2013 | |
| 300 | |a 262 p., [96] láminas | ||
| 336 | |a texto |b txt |2 rdacontenido | ||
| 337 | |a sin mediación |b n |2 rdamedio | ||
| 338 | |a volumen |b nc |2 rdasoporte | ||
| 440 | 1 | |a (Scripta Manent) | |
| 500 | |a Traducción de: La scrittura. Ideologia e rappresentazione | ||
| 649 | |a XX | ||
| 650 | |a Libros - |x Historia | ||
| 650 | |a Lectoescritura - |x Historia | ||
| 650 | |a Medios Impresos - |x Historia | ||
| 650 | |a Comunicación Escrita - |z Italia - |x Historia | ||
| 650 | |a Comunicación Escrita - |x Materiales y Equipo | ||
| 650 | |a Comunicación Escrita - |x Aspectos Políticos | ||
| 650 | |a Comunicación Escrita - |x Historia - |x Tema Principal | ||
| 650 | |a Roma, Italia - |x Historia | ||
| 650 | |a Venecia, Italia - |x Historia | ||
| 650 | |a Italia - |x Historia | ||
| 910 | |a Fondo General | ||
| 920 | |a Impresos - Libros | ||
| 930 | |a Colección General | ||
| 905 | |a 101 | ||
| 901 | |a 0500257853 |b IT1 |c ACC |i C145283 |u 20250521 | ||
| 902 | |a https://opac.biblio.iteso.mx/vufind/Record/000364420 | ||